[Event "AUTO-INT-2946"]
[Site "http://www.queenalice.com/game.php?id=1355846"]
[Date "2015.4.26"]
[Round "2"]
[White "gothic2014"]
[Black "zmanomega"]
[Result "1-0"]
[WhiteElo "2111"]
[BlackElo "1544"]

1. e4 e5 2. Nf3 Nc6 3. Bb5 f6 4. d4 exd4 5. Nxd4 Nxd4 6. Qxd4 c6 7. Bc4 Ne7 8.
Nc3 a6 9. O-O Ng6 10. Be3 Be7 11. Bb3 d6 12. h3 Nh4 13. Qc4 Kd7 14. Rad1 Kc7 15.
Nd5+ Kb8 16. Nxe7 Qxe7 17. Bf4 Rd8 18. Rxd6 Rxd6 19. Rd1 Ka7 20. Bxd6 Qd8 21.
Bc5+ 1-0

[Event "AUTO-INT-2946"]
[Site "http://www.queenalice.com/game.php?id=1355847"]
[Date "2015.4.26"]
[Round "2"]
[White "zmanomega"]
[Black "gothic2014"]
[Result "0-1"]
[WhiteElo "1533"]
[BlackElo "2119"]

1. d4 Nf6 2. e3 d5 3. Be2 Bf5 4. Nf3 e6 5. Nc3 c5 6. Ng5 h6 7. Nf3 Nc6 8. Bd3
Bxd3 9. Qxd3 cxd4 10. exd4 Bd6 11. a3 O-O 12. Nh4 e5 13. dxe5 Nxe5 14. Qg3 Neg4
15. Qd3 Re8+ 16. Ne2 Nxf2 17. Kxf2 Ng4+ 18. Ke1 Qxh4+ 19. g3 Qh3 20. Bd2 Qg2 21.
Rf1 Nxh2 22. Kd1 Qxf1+ 23. Be1 Nf3 0-1

[Event "AUTO-INT-2947"]
[Site "http://www.queenalice.com/game.php?id=1360560"]
[Date "2015.5.20"]
[Round "2"]
[White "gothic2014"]
[Black "Tartarugus"]
[Result "1-0"]
[WhiteElo "2190"]
[BlackElo "1742"]

1. e4 e5 2. Nf3 d5 3. Nxe5 dxe4 4. Bc4 Be6 5. Bxe6 Nh6 6. d4 fxe6 7. Bxh6 Qf6 8.
Be3 Nc6 9. Nxc6 bxc6 10. Qh5+ Qg6 11. Qxg6+ hxg6 12. Nd2 Bb4 13. c3 Bd6 14. Nxe4
Rb8 15. b4 e5 16. Nxd6+ cxd6 17. dxe5 dxe5 18. Bxa7 Rd8 19. Ke2 Ra8 20. Bc5 Ra3
21. Kd3 Kd7 22. Kc2 Rh4 23. Kb2 Ra8 24. Rad1+ Ke6 25. Rd6+ 1-0

[Event "AUTO-INT-2947"]
[Site "http://www.queenalice.com/game.php?id=1360561"]
[Date "2015.5.20"]
[Round "2"]
[White "Tartarugus"]
[Black "gothic2014"]
[Result "0-1"]
[WhiteElo "1756"]
[BlackElo "2189"]

1. d4 Nf6 2. e3 d5 3. Nf3 Bf5 4. Ng5 c6 5. Nc3 h6 6. g4 Bxg4 7. Be2 Bxe2 8. Nxf7
Kxf7 9. Qxe2 Nbd7 10. e4 dxe4 11. Nxe4 Qa5+ 12. Bd2 Qd5 13. f3 e5 14. Nxf6 gxf6
15. Qd3 Qxd4 16. Qb3+ Qd5 17. O-O-O Qxb3 18. cxb3 Nb6 19. f4 e4 20. Rde1 f5 21.
Bc3 Bg7 22. Bxg7 Kxg7 23. Re3 Nd5 0-1

[Event "AUTO-MASTER-2327"]
[Site "http://www.queenalice.com/game.php?id=1371266"]
[Date "2015.7.12"]
[Round "1"]
[White "gothic2014"]
[Black "jalhallib"]
[Result "1-0"]
[WhiteElo "2215"]
[BlackElo "1896"]

1. d4 d5 2. c4 e6 3. Nc3 Bb4 4. Nf3 h6 5. Bf4 Nf6 6. e3 Bxc3+ 7. bxc3 c6 8. Bxb8
Rxb8 9. Qa4 O-O 10. Qxa7 Bd7 11. Ne5 b5 12. cxb5 cxb5 13. Bd3 Ra8 14. Qc5 Qc8
15. Nxd7 Nxd7 16. Qxc8 Rfxc8 17. Kd2 Nb6 18. Bxb5 Nc4+ 19. Bxc4 Rxc4 20. Rhb1
Ra3 21. Rb3 Rca4 22. Rxa3 Rxa3 23. Kc2 g5 24. Kb2 Ra8 25. a4 Rb8+ 26. Kc2 f5 27.
a5 Kf7 28. a6 Kf6 29. a7 Ra8 30. c4 dxc4 31. Kc3 g4 32. Ra6 h5 33. d5 Ke5 34.
dxe6 Kf6 35. Kxc4 h4 36. Kc5 Rc8+ 37. Rc6 Ra8 38. Kb6 h3 39. gxh3 gxh3 40. Kb7
1-0

[Event "AUTO-MASTER-2327"]
[Site "http://www.queenalice.com/game.php?id=1371267"]
[Date "2015.7.12"]
[Round "1"]
[White "jalhallib"]
[Black "gothic2014"]
[Result "0-1"]
[WhiteElo "1879"]
[BlackElo "2200"]

1. Nf3 d5 2. d4 Nf6 3. g3 Bf5 4. Bg2 e6 5. Bg5 Be7 6. Bxf6 Bxf6 7. c3 Nd7 8.
Nbd2 c5 9. O-O cxd4 10. cxd4 Qb6 11. Nb3 a5 12. e3 a4 13. Nbd2 Qxb2 14. Qc1 a3
15. Qc7 Bd8 16. Qd6 Rc8 17. Ne5 Nxe5 18. Qxe5 O-O 19. Qf4 Bc7 20. Qf3 Qxd2 21.
Rfd1 Qb2 22. Rac1 Be4 23. Qg4 Bxg3 24. hxg3 Rxc1 25. Bxe4 Rxd1+ 26. Qxd1 dxe4
27. Qg4 Qxa2 28. Qxe4 Qd5 29. Qb1 a2 30. Qa1 Qb3 31. Kg2 Qb1 0-1

[Event "AUTO-MASTER-2327"]
[Site "http://www.queenalice.com/game.php?id=1371268"]
[Date "2015.7.12"]
[Round "1"]
[White "gothic2014"]
[Black "favelas1"]
[Result "1-0"]
[WhiteElo "2202"]
[BlackElo "2222"]

1. d4 Nf6 2. c4 e6 3. Nf3 d5 4. Nc3 Bb4 5. Bg5 h6 6. Bxf6 Qxf6 7. e3 O-O 8. Qb3
c5 9. cxd5 exd5 10. dxc5 Bxc3+ 11. Qxc3 Qxc3+ 12. bxc3 Be6 13. Rb1 Nd7 14. Rxb7
Nxc5 15. Rb5 Ne4 16. Nd4 Nxc3 17. Ra5 Rfb8 18. Nb5 a6 19. Nxc3 Rc8 20. Kd2 Rc6
21. Bd3 Rb8 22. Rb1 Rxb1 23. Nxb1 g6 24. Rxa6 1-0

[Event "AUTO-MASTER-2327"]
[Site "http://www.queenalice.com/game.php?id=1371269"]
[Date "2015.7.12"]
[Round "1"]
[White "favelas1"]
[Black "gothic2014"]
[Result "0-1"]
[WhiteElo "2246"]
[BlackElo "2191"]

1. e4 e6 2. d4 d5 3. Nd2 c5 4. Ngf3 cxd4 5. exd5 Qxd5 6. Bc4 Qd6 7. O-O Nc6 8.
Nb3 Bd7 9. Nbxd4 Nxd4 10. Nxd4 a6 11. b3 Be7 12. Bb2 Bf6 13. Qe2 Qb6 14. Rfd1
Ne7 15. Qg4 e5 16. Qh5 exd4 17. Qxf7+ Kd8 18. Re1 Be8 19. Ba3 Bxf7 0-1

[Event "AUTO-MASTER-2327"]
[Site "http://www.queenalice.com/game.php?id=1371270"]
[Date "2015.7.12"]
[Round "1"]
[White "gothic2014"]
[Black "yamato"]
[Result "0-1"]
[WhiteElo "2146"]
[BlackElo "2198"]

1. d4 Nf6 2. c4 c5 3. d5 e5 4. Nc3 d6 5. e4 Be7 6. g3 Nbd7 7. Bg2 a6 8. Nge2 b5
9. cxb5 axb5 10. Nxb5 Ba6 11. Nec3 O-O 12. a4 Qb6 13. O-O Ne8 14. Re1 Nc7 0-1

[Event "AUTO-MASTER-2327"]
[Site "http://www.queenalice.com/game.php?id=1371271"]
[Date "2015.7.12"]
[Round "1"]
[White "yamato"]
[Black "gothic2014"]
[Result "1-0"]
[WhiteElo "2187"]
[BlackElo "2157"]

1. e4 e6 2. d4 d5 3. e5 c5 4. c3 Nc6 5. Nf3 Bd7 6. Be2 Nge7 7. Na3 cxd4 8. cxd4
Nf5 9. O-O Be7 10. Nc2 Rc8 11. Ne3 Nh4 12. Ne1 Qb6 13. g3 Ng6 14. N1c2 O-O 15.
f4 1-0